The Union Statutes: Classified and Annotated Reprint 1910-1947 (Record no. 2766)

MARC details
000 -LEADER
fixed length control field 00504nam a22001577a 4500
005 - DATE AND TIME OF INPUT
control field 20240822091216.0
008 - DATA ELEMENTS--GENERAL INFORMATION
fixed length control field 240822b |||||||| |||| 00| 0 eng d
041 ## - LANGUAGE CODE
Language code of text English/Afrikaans
082 ## - SHELF NUMBER
DDC number 349 UNI
100 ## - MAIN AUTHOR
Language of a work English
245 ## - TITLE STATEMENT
Title The Union Statutes: Classified and Annotated Reprint 1910-1947
260 ## - PUBLICATION, DISTRIBUTION, ETC.
Place of publication, distribution, etc. Durban:
Name of publisher, distributor, etc. Butterworth and Company (South Africa) Ltd,
Date of publication, distribution, etc. 1964
300 ## - PHYSICAL DESCRIPTION
Other physical details 970 pages;
Dimensions 25 cm.
650 ## - SUBJECT`
Broad subject Legal practice
Own subject terms Law
942 ## - ADDED ENTRY ELEMENTS (KOHA)
Item type Books
942 ## - ADDED ENTRY ELEMENTS (KOHA)
-- ALISON_BN_VRIES
Holdings
Source of classification or shelving scheme Not for loan Collection code Home library Current library Shelving location Date acquired Full call number Barcode Price effective from Koha item type
Dewey Decimal Classification   THE UNION STATUTES LAW SOCIETY OF NAMIBIA LIBRARY - WINDHOEK LAW SOCIETY OF NAMIBIA LIBRARY - WINDHOEK The union statutes (Die uie-wetter) 08/22/2024 349 UNI LSN/2023/3911 08/22/2024 Books